The dispossessed : victims of development in Asia /
Disimpan dalam:
| Pengarang-pengarang Lain: | , , |
|---|---|
| Format: | Buku |
| Bahasa: | English |
| Diterbitkan: |
Hong Kong :
Arena Press,
1997.
|
| Subjek-subjek: | |
| Penanda-penanda: |
Tambah Penanda
Tiada Penanda, Jadilah orang pertama menanda rekod ini!
|
| LEADER | 00965cam a2200301Ia 4500 | ||
|---|---|---|---|
| 001 | 007738014-2 | ||
| 005 | 20020606104010.5 | ||
| 008 | 980417s1997 cc ab b 000 0 eng d | ||
| 020 | |z 9627156121 | ||
| 035 | 0 | |a ocm38974760 | |
| 040 | |a NDD |c NDD |d WAU |d HLS | ||
| 043 | |a a------ | ||
| 050 | 4 | |a HC415.E5 |b D57 1997 | |
| 090 | |a HC415.E5 |b D57 1997 | ||
| 245 | 0 | 4 | |a The dispossessed : |b victims of development in Asia / |c editors Vinod Raina, Aditi Chowdhury, Sumit Chowdhury. |
| 260 | |a Hong Kong : |b Arena Press, |c 1997. | ||
| 300 | |a 467 p. : |b ill., maps ; |c 25 cm. | ||
| 504 | |a Includes bibliographical references. | ||
| 650 | 0 | |a Environmental economics |z Asia. | |
| 650 | 0 | |a Disasters |x Environmental aspects |z Asia. | |
| 650 | 0 | |a Industrial accidents |z Asia. | |
| 651 | 0 | |a Asia |x Economic conditions. | |
| 651 | 0 | |a Asia |x Social conditions. | |
| 700 | 1 | |a Raina, Vinod. | |
| 700 | 1 | |a Chowdhury, Aditi. | |
| 700 | 1 | |a Chowdhury, Sumit. | |
| 988 | |a 20020608 | ||
| 906 | |0 OCLC | ||


